Nordische Länder und Hauptstädte - Statistiken

Allgemein
  • Dieses Quiz wurde 14.687 mal gespielt
  • Das Durchschnittsergebnis liegt bei 10 aus 10
Antwortstatistiken
Antwort % Korrekt
Finnland
99%
Norwegen
99%
Schweden
99%
Dänemark
97%
Oslo
97%
Island
96%
Helsinki
95%
Stockholm
95%
Kopenhagen
94%
Reykjavik
85%
Keine übereinstimmenden Quizze gefunden
Verteilung der Resultate
Anzahl Personen mit jedem Resultat
Perzentil nach korrekt beantworteten Fragen
Ihre Resultats-Entwicklung
Sie haben dieses Quiz noch nicht gespielt